Normal view
MARC view
Entry Personal Name
001 - CONTROL NUMBER
- control field: 54511
003 - CONTROL NUMBER IDENTIFIER
- control field: dpl
005 - DATE AND TIME OF LATEST TRANSACTION
- control field: 20121220164852.0
008 - FIXED-LENGTH DATA ELEMENTS
- fixed length control field: 121220|||a|||||| | ||| d
040 ## - CATALOGING SOURCE
- Original cataloging agency: dpl
- Transcribing agency: dpl
100 ## - HEADING--PERSONAL NAME
- Personal name: Erickson, Thomas
670 ## - SOURCE DATA FOUND
- Source citation: Work cat.: (dpl)72252: Erickson, Thomas, Human resource management in hospitals /, 2013
670 ## - SOURCE DATA FOUND
- Source citation: Work cat.: (dpl)72252: Erickson, Thomas, Human resource management in hospitals /, 2013
